[Event "XLIV Memoriał Szachowy Ludwika Zamenhofa 2025, Grupa B"]
[Site "Bialystok, Poland"]
[Date "2025.12.28"]
[Round "3.4"]
[White "Szuminski, Jakub"]
[Black "Budzisz, Adrian"]
[Result "1/2-1/2"]
[TimeControl "90'+30\""]
[WhiteElo "1962"]
[BlackElo "2065"]

1. e4 {[%clk 01:30:58]} {[%emt 00:00:01]} c5 {[%clk 01:30:54]} {[%emt
00:00:07]} 2. Nf3 {[%clk 01:31:23]} {[%emt 00:00:05]} e6 {[%clk 01:31:19]}
{[%emt 00:00:05]} 3. d4 {[%clk 01:31:48]} {[%emt 00:00:04]} cxd4 {[%clk
01:31:45]} {[%emt 00:00:04]} 4. Nxd4 {[%clk 01:32:13]} {[%emt 00:00:05]} Qb6
{[%clk 01:32:07]} {[%emt 00:00:08]} 5. Nb3 {[%clk 01:26:57]} {[%emt 00:05:46]}
a6 {[%clk 01:30:57]} {[%emt 00:01:41]} 6. Be3 {[%clk 01:25:46]} {[%emt
00:01:40]} Qc7 {[%clk 01:31:20]} {[%emt 00:00:07]} 7. N1d2 {[%clk 01:24:51]}
{[%emt 00:01:25]} Nf6 {[%clk 01:30:02]} {[%emt 00:01:49]} 8. Nc4 {[%clk
01:20:23]} {[%emt 00:04:58]} Nc6 {[%clk 01:30:10]} {[%emt 00:00:21]} 9. Bb6
{[%clk 01:16:37]} {[%emt 00:04:17]} Qf4 {[%clk 01:25:58]} {[%emt 00:04:42]} 10.
f3 {[%clk 01:16:38]} {[%emt 00:00:29]} d5 {[%clk 01:24:56]} {[%emt 00:01:32]}
11. Be3 {[%clk 01:11:08]} {[%emt 00:05:59]} Qc7 {[%clk 01:23:33]} {[%emt
00:01:53]} 12. Nb6 {[%clk 01:11:00]} {[%emt 00:00:39]} Rb8 {[%clk 01:23:57]}
{[%emt 00:00:06]} 13. exd5 {[%clk 01:08:36]} {[%emt 00:02:52]} Nb4 {[%clk
01:21:23]} {[%emt 00:03:05]} 14. c4 {[%clk 00:54:20]} {[%emt 00:14:47]} Qe5
{[%clk 01:20:59]} {[%emt 00:00:54]} 15. Kf2 {[%clk 00:53:41]} {[%emt 00:01:09]}
Qxb2+ {[%clk 01:21:03]} {[%emt 00:00:26]} 16. Be2 {[%clk 00:53:52]} {[%emt
00:00:18]} Nc2 {[%clk 01:18:18]} {[%emt 00:03:15]} 17. Bc1 {[%clk 00:48:57]}
{[%emt 00:05:25]} Bc5+ {[%clk 01:01:40]} {[%emt 00:17:08]} 18. Nxc5 {[%clk
00:48:27]} {[%emt 00:01:01]} Qxb6 {[%clk 01:00:14]} {[%emt 00:01:56]} 19. Qxc2
{[%clk 00:48:48]} {[%emt 00:00:08]} Qxc5+ {[%clk 01:00:38]} {[%emt 00:00:07]}
20. Be3 {[%clk 00:49:10]} {[%emt 00:00:08]} Qc7 {[%clk 01:01:00]} {[%emt
00:00:07]} 21. Qd2 {[%clk 00:45:14]} {[%emt 00:04:27]} exd5 {[%clk 01:00:39]}
{[%emt 00:00:51]} 22. cxd5 {[%clk 00:45:02]} {[%emt 00:00:42]} O-O {[%clk
01:00:31]} {[%emt 00:00:38]} 23. Rac1 {[%clk 00:44:32]} {[%emt 00:01:00]} Qd8
{[%clk 01:00:00]} {[%emt 00:01:00]} 24. Rhd1 {[%clk 00:43:23]} {[%emt
00:01:39]} Re8 {[%clk 00:59:26]} {[%emt 00:01:05]} 25. Bf4 {[%clk 00:41:50]}
{[%emt 00:01:58]} Ra8 {[%clk 00:58:49]} {[%emt 00:01:12]} 26. Rc7 {[%clk
00:40:55]} {[%emt 00:01:24]} Bd7 {[%clk 00:57:01]} {[%emt 00:02:20]} 27. Rxb7
{[%clk 00:40:03]} {[%emt 00:01:21]} Ba4 {[%clk 00:57:27]} {[%emt 00:00:04]} 28.
Rc1 {[%clk 00:31:41]} {[%emt 00:08:50]} Qxd5 {[%clk 00:51:14]} {[%emt
00:06:45]} 29. Qxd5 {[%clk 00:31:51]} {[%emt 00:00:20]} Nxd5 {[%clk 00:51:39]}
{[%emt 00:00:05]} 30. Bg3 {[%clk 00:31:50]} {[%emt 00:00:20]} Bb5 {[%clk
00:51:59]} {[%emt 00:00:22]} 31. Bxb5 {[%clk 00:30:40]} {[%emt 00:01:39]} axb5
{[%clk 00:52:22]} {[%emt 00:00:06]} 32. Rxb5 {[%clk 00:31:02]} {[%emt
00:00:09]} Rxa2+ {[%clk 00:52:39]} {[%emt 00:00:13]} 33. Kg1 {[%clk 00:31:27]}
{[%emt 00:00:04]} Rd2 {[%clk 00:52:31]} {[%emt 00:00:39]} 34. Re1 {[%clk
00:30:10]} {[%emt 00:01:47]} Rc8 {[%clk 00:52:53]} {[%emt 00:00:08]} 1/2-1/2

[Event "XLIV Memoriał Szachowy Ludwika Zamenhofa 2025, Grupa B"]
[Site "Bialystok, Poland"]
[Date "2025.12.28"]
[Round "3.5"]
[White "Fuks, Milan"]
[Black "Szlod, Wiktor"]
[Result "1-0"]
[TimeControl "90'+30\""]
[WhiteElo "1917"]
[BlackElo "2059"]

1. e4 {[%clk 01:30:40]} {[%emt 00:00:18]} g6 {[%clk 01:30:54]} {[%emt
00:00:08]} 2. d4 {[%clk 01:30:59]} {[%emt 00:00:11]} Bg7 {[%clk 01:31:18]}
{[%emt 00:00:05]} 3. Nc3 {[%clk 01:31:02]} {[%emt 00:00:27]} c5 {[%clk
01:31:40]} {[%emt 00:00:09]} 4. Be3 {[%clk 01:27:03]} {[%emt 00:04:28]} Qa5
{[%clk 01:28:52]} {[%emt 00:03:18]} 5. Nf3 {[%clk 01:21:13]} {[%emt 00:06:19]}
Nf6 {[%clk 01:27:52]} {[%emt 00:01:31]} 6. Qd2 {[%clk 01:18:32]} {[%emt
00:03:11]} cxd4 {[%clk 01:24:48]} {[%emt 00:03:35]} 7. Nxd4 {[%clk 01:12:33]}
{[%emt 00:06:28]} Nc6 {[%clk 01:24:17]} {[%emt 00:01:02]} 8. Nb3 {[%clk
01:11:19]} {[%emt 00:01:43]} Qd8 {[%clk 01:22:29]} {[%emt 00:02:18]} 9. f3
{[%clk 01:10:30]} {[%emt 00:01:19]} d6 {[%clk 01:21:41]} {[%emt 00:01:19]} 10.
Bh6 {[%clk 01:08:07]} {[%emt 00:02:53]} Bxh6 {[%clk 01:21:59]} {[%emt
00:00:13]} 11. Qxh6 {[%clk 01:08:34]} {[%emt 00:00:01]} Be6 {[%clk 01:22:18]}
{[%emt 00:00:11]} 12. Qe3 {[%clk 01:06:11]} {[%emt 00:02:54]} a6 {[%clk
01:21:50]} {[%emt 00:00:58]} 13. Bd3 {[%clk 00:56:57]} {[%emt 00:09:43]} b5
{[%clk 01:18:58]} {[%emt 00:03:23]} 14. Ne2 {[%clk 00:55:04]} {[%emt 00:02:22]}
Bxb3 {[%clk 01:18:28]} {[%emt 00:01:01]} 15. axb3 {[%clk 00:55:13]} {[%emt
00:00:20]} Nd7 {[%clk 01:09:20]} {[%emt 00:09:38]} 16. Kf2 {[%clk 00:49:25]}
{[%emt 00:06:18]} Nc5 {[%clk 01:08:28]} {[%emt 00:01:23]} 17. Rhd1 {[%clk
00:40:48]} {[%emt 00:09:07]} O-O {[%clk 01:05:47]} {[%emt 00:03:09]} 18. h4
{[%clk 00:39:30]} {[%emt 00:01:50]} Nb4 {[%clk 01:04:04]} {[%emt 00:02:13]} 19.
Rac1 {[%clk 00:38:11]} {[%emt 00:01:49]} e5 {[%clk 00:59:01]} {[%emt 00:05:32]}
20. Rh1 {[%clk 00:31:07]} {[%emt 00:07:34]} Nbxd3+ {[%clk 00:58:55]} {[%emt
00:00:36]} 21. cxd3 {[%clk 00:31:35]} {[%emt 00:00:03]} Nxb3 {[%clk 00:59:02]}
{[%emt 00:00:22]} 22. Rc3 {[%clk 00:31:22]} {[%emt 00:00:44]} Nc5 {[%clk
00:59:17]} {[%emt 00:00:15]} 23. h5 {[%clk 00:30:28]} {[%emt 00:01:24]} Ne6
{[%clk 00:55:46]} {[%emt 00:04:00]} 24. d4 {[%clk 00:24:54]} {[%emt 00:06:05]}
Qf6 {[%clk 00:52:44]} {[%emt 00:03:31]} 25. d5 {[%clk 00:24:55]} {[%emt
00:00:30]} Nf4 {[%clk 00:51:59]} {[%emt 00:01:15]} 26. g3 Nxh5 {[%clk
00:49:02]} 27. Rc6 {[%clk 00:20:43]} {[%emt 00:00:34]} Rfc8 {[%clk 00:45:30]}
{[%emt 00:04:02]} 28. Qb6 {[%clk 00:18:45]} {[%emt 00:02:28]} Qd8 {[%clk
00:43:01]} {[%emt 00:02:58]} 29. Rxd6 {[%clk 00:18:24]} {[%emt 00:00:51]} Qxb6+
{[%clk 00:43:27]} {[%emt 00:00:04]} 30. Rxb6 {[%clk 00:18:47]} {[%emt
00:00:08]} Rc2 {[%clk 00:43:55]} {[%emt 00:00:02]} 31. Rc1 {[%clk 00:12:47]}
{[%emt 00:06:31]} Rxc1 {[%clk 00:37:31]} {[%emt 00:06:53]} 32. Nxc1 {[%clk
00:13:10]} {[%emt 00:00:07]} Kf8 {[%clk 00:37:54]} {[%emt 00:00:07]} 33. Nd3
{[%clk 00:13:13]} {[%emt 00:00:26]} Rc8 {[%clk 00:36:56]} {[%emt 00:01:28]} 34.
Nxe5 {[%clk 00:12:40]} {[%emt 00:01:03]} Rc2+ {[%clk 00:36:55]} {[%emt
00:00:31]} 35. Ke3 {[%clk 00:12:54]} {[%emt 00:00:16]} f6 {[%clk 00:36:56]}
{[%emt 00:00:30]} 36. Rb8+ {[%clk 00:10:35]} {[%emt 00:02:49]} Ke7 {[%clk
00:37:18]} {[%emt 00:00:07]} 37. Rb7+ {[%clk 00:10:43]} {[%emt 00:00:23]} Ke8
{[%clk 00:37:22]} {[%emt 00:00:25]} 38. Nc6 {[%clk 00:10:48]} {[%emt 00:00:25]}
Nxg3 {[%clk 00:37:00]} {[%emt 00:00:52]} 39. Kd3 {[%clk 00:10:08]} {[%emt
00:01:10]} Rc1 {[%clk 00:37:00]} {[%emt 00:00:31]} 40. Kd2 {[%clk 00:10:26]}
{[%emt 00:00:11]} Rc4 {[%clk 00:36:05]} {[%emt 00:01:26]} 41. b3 {[%clk
00:10:05]} {[%emt 00:00:52]} Rc5 {[%clk 00:36:09]} {[%emt 00:00:26]} 42. Re7+
{[%clk 00:09:51]} {[%emt 00:00:42]} Kf8 {[%clk 00:36:32]} {[%emt 00:00:07]} 43.
Rc7 {[%clk 00:08:53]} {[%emt 00:01:29]} f5 {[%clk 00:36:20]} {[%emt 00:00:42]}
44. b4 {[%clk 00:07:39]} {[%emt 00:01:44]} Rc4 {[%clk 00:34:29]} {[%emt
00:02:20]} 45. e5 {[%clk 00:07:16]} {[%emt 00:00:54]} Nh5 {[%clk 00:34:22]}
{[%emt 00:00:37]} 46. e6 {[%clk 00:06:26]} {[%emt 00:01:19]} Nf4 {[%clk
00:33:50]} {[%emt 00:01:03]} 47. e7+ {[%clk 00:06:36]} {[%emt 00:00:20]} Kf7
{[%clk 00:34:13]} {[%emt 00:00:07]} 48. Ne5+ {[%clk 00:06:57]} {[%emt
00:00:08]} Ke8 {[%clk 00:34:30]} {[%emt 00:00:13]} 49. Nxc4 {[%clk 00:07:19]}
{[%emt 00:00:09]} bxc4 {[%clk 00:34:32]} {[%emt 00:00:28]} 50. d6 {[%clk
00:07:38]} {[%emt 00:00:11]} 1-0

[Event "XLIV Memoriał Szachowy Ludwika Zamenhofa 2025, Grupa B"]
[Site "Bialystok, Poland"]
[Date "2025.12.28"]
[Round "3.6"]
[White "Reshetniak, Vitaliy"]
[Black "Slabicki, Andrzej"]
[Result "1/2-1/2"]
[TimeControl "90'+30\""]
[WhiteElo "2048"]
[BlackElo "1892"]

1. d4 {[%clk 01:30:57]} {[%emt 00:00:03]} f5 {[%clk 01:29:45]} {[%emt
00:01:15]} 2. Nc3 {[%clk 01:31:12]} {[%emt 00:00:15]} Nf6 {[%clk 01:29:57]}
{[%emt 00:00:18]} 3. Bg5 {[%clk 01:31:28]} {[%emt 00:00:13]} e6 {[%clk
01:29:27]} {[%emt 00:01:00]} 4. e4 {[%clk 01:31:10]} {[%emt 00:00:49]} fxe4
{[%clk 01:27:19]} {[%emt 00:02:38]} 5. Nxe4 {[%clk 01:30:18]} {[%emt 00:01:22]}
Be7 {[%clk 01:26:52]} {[%emt 00:00:57]} 6. Bxf6 {[%clk 01:29:46]} {[%emt
00:01:01]} Bxf6 {[%clk 01:27:11]} {[%emt 00:00:12]} 7. Nf3 {[%clk 01:30:00]}
{[%emt 00:00:16]} Nc6 {[%clk 01:21:44]} {[%emt 00:05:57]} 8. c3 {[%clk
01:27:20]} {[%emt 00:03:09]} b6 {[%clk 01:14:22]} {[%emt 00:07:53]} 9. Bd3
{[%clk 01:23:10]} {[%emt 00:04:40]} Bb7 {[%clk 01:13:27]} {[%emt 00:01:25]} 10.
Qe2 {[%clk 01:22:07]} {[%emt 00:01:33]} Qe7 {[%clk 01:10:57]} {[%emt 00:02:59]}
11. O-O-O {[%clk 01:21:43]} {[%emt 00:00:54]} O-O-O {[%clk 01:08:52]} {[%emt
00:02:36]} 12. Ba6 {[%clk 01:20:55]} {[%emt 00:01:18]} d5 {[%clk 01:08:28]}
{[%emt 00:00:53]} 13. Nc5 {[%clk 01:17:42]} {[%emt 00:03:44]} bxc5 {[%clk
01:06:18]} {[%emt 00:02:39]} 14. Bxb7+ {[%clk 01:18:02]} {[%emt 00:00:11]} Kxb7
{[%clk 01:06:42]} {[%emt 00:00:06]} 15. Qb5+ {[%clk 01:18:26]} {[%emt
00:00:06]} Kc8 {[%clk 01:07:01]} {[%emt 00:00:10]} 16. Qxc6 {[%clk 01:18:49]}
{[%emt 00:00:07]} cxd4 {[%clk 00:57:42]} {[%emt 00:09:49]} 17. cxd4 {[%clk
01:14:44]} {[%emt 00:04:36]} Qd6 {[%clk 00:52:47]} {[%emt 00:05:24]} 18. Qa4
{[%clk 01:14:00]} {[%emt 00:01:15]} Kb7 {[%clk 00:47:58]} {[%emt 00:05:18]} 19.
Rhe1 {[%clk 01:06:51]} {[%emt 00:07:39]} Rc8 {[%clk 00:45:45]} {[%emt
00:02:43]} 20. b4 {[%clk 00:56:56]} {[%emt 00:10:26]} Rhe8 {[%clk 00:43:44]}
{[%emt 00:02:31]} 21. Re3 {[%clk 00:50:07]} {[%emt 00:07:19]} Qc6+ {[%clk
00:38:54]} {[%emt 00:05:19]} 22. Qxc6+ {[%clk 00:49:52]} {[%emt 00:00:45]} Kxc6
{[%clk 00:39:17]} {[%emt 00:00:07]} 23. Rde1 {[%clk 00:37:24]} {[%emt
00:12:58]} Kd6 {[%clk 00:38:39]} {[%emt 00:01:08]} 24. Ra3 {[%clk 00:36:38]}
{[%emt 00:01:17]} Rb8 {[%clk 00:37:35]} {[%emt 00:01:34]} 25. Ra4 {[%clk
00:36:27]} {[%emt 00:00:41]} Rb5 {[%clk 00:36:21]} {[%emt 00:01:44]} 26. Ra6+
{[%clk 00:28:35]} {[%emt 00:08:22]} Rb6 {[%clk 00:36:11]} {[%emt 00:00:39]} 27.
Ra4 {[%clk 00:27:58]} {[%emt 00:01:07]} Reb8 {[%clk 00:21:40]} {[%emt
00:15:00]} 28. a3 {[%clk 00:26:06]} {[%emt 00:02:23]} R8b7 {[%clk 00:19:07]}
{[%emt 00:03:03]} 29. Kd2 {[%clk 00:25:01]} {[%emt 00:01:35]} Rc6 {[%clk
00:18:43]} {[%emt 00:00:53]} 30. Ra5 {[%clk 00:23:52]} {[%emt 00:01:40]} Rc4
{[%clk 00:15:35]} {[%emt 00:03:37]} 31. Rc1 {[%clk 00:21:57]} {[%emt 00:02:26]}
Rxc1 {[%clk 00:14:25]} {[%emt 00:01:40]} 32. Kxc1 {[%clk 00:22:22]} {[%emt
00:00:06]} g5 {[%clk 00:14:25]} {[%emt 00:00:29]} 33. h3 {[%clk 00:21:13]}
{[%emt 00:01:38]} h5 {[%clk 00:14:09]} {[%emt 00:00:47]} 34. g4 {[%clk
00:21:38]} {[%emt 00:00:06]} hxg4 {[%clk 00:12:51]} {[%emt 00:01:48]} 35. hxg4
{[%clk 00:22:03]} {[%emt 00:00:04]} c6 {[%clk 00:11:26]} {[%emt 00:01:56]} 36.
Ra6 {[%clk 00:22:02]} {[%emt 00:00:32]} Bd8 {[%clk 00:09:55]} {[%emt 00:01:58]}
37. Kd2 {[%clk 00:16:33]} {[%emt 00:06:00]} Bb6 {[%clk 00:07:48]} {[%emt
00:02:36]} 38. a4 {[%clk 00:14:33]} {[%emt 00:02:31]} Rf7 {[%clk 00:06:45]}
{[%emt 00:01:32]} 39. Nxg5 {[%clk 00:11:01]} {[%emt 00:04:03]} Rxf2+ {[%clk
00:06:41]} {[%emt 00:00:34]} 40. Ke3 {[%clk 00:11:18]} {[%emt 00:00:13]} Rg2
{[%clk 00:06:19]} {[%emt 00:00:52]} 41. a5 {[%clk 00:11:21]} {[%emt 00:00:28]}
Bxd4+ {[%clk 00:05:51]} {[%emt 00:00:58]} 42. Kxd4 {[%clk 00:09:10]} {[%emt
00:02:41]} Rxg4+ {[%clk 00:06:15]} {[%emt 00:00:06]} 43. Kd3 {[%clk 00:09:26]}
{[%emt 00:00:13]} Rxg5 {[%clk 00:06:38]} {[%emt 00:00:07]} 44. b5 {[%clk
00:09:43]} {[%emt 00:00:14]} Kc5 {[%clk 00:06:29]} {[%emt 00:00:38]} 45. bxc6
{[%clk 00:09:14]} {[%emt 00:01:00]} Rg3+ {[%clk 00:06:48]} {[%emt 00:00:10]} 46.
Kd2 {[%clk 00:09:30]} {[%emt 00:00:14]} Rg7 {[%clk 00:07:06]} {[%emt 00:00:12]}
47. c7 {[%clk 00:09:51]} {[%emt 00:00:10]} Rxc7 {[%clk 00:07:31]} {[%emt
00:00:05]} 48. Rxe6 {[%clk 00:10:17]} {[%emt 00:00:05]} Rc6 {[%clk 00:07:21]}
{[%emt 00:00:39]} 49. Re1 {[%clk 00:08:45]} {[%emt 00:02:02]} Ra6 {[%clk
00:07:31]} {[%emt 00:00:20]} 50. Ra1 {[%clk 00:09:07]} {[%emt 00:00:08]} Kb5
{[%clk 00:07:44]} {[%emt 00:00:17]} 51. Rb1+ {[%clk 00:09:27]} {[%emt
00:00:11]} Kxa5 {[%clk 00:08:01]} {[%emt 00:00:12]} 52. Kd3 {[%clk 00:09:50]}
{[%emt 00:00:07]} Rd6 {[%clk 00:07:13]} {[%emt 00:01:16]} 53. Kd4 {[%clk
00:10:14]} {[%emt 00:00:08]} Rd8 {[%clk 00:06:57]} {[%emt 00:00:45]} 54. Kc5
{[%clk 00:09:01]} {[%emt 00:01:44]} Ka4 {[%clk 00:07:01]} {[%emt 00:00:26]} 55.
Ra1+ {[%clk 00:08:22]} {[%emt 00:01:09]} Kb3 {[%clk 00:07:24]} {[%emt
00:00:07]} 56. Kd4 {[%clk 00:08:33]} {[%emt 00:00:20]} Rd7 {[%clk 00:05:45]}
{[%emt 00:02:07]} 57. Rb1+ {[%clk 00:08:30]} {[%emt 00:00:34]} Ka4 {[%clk
00:05:34]} {[%emt 00:00:41]} 58. Ra1+ {[%clk 00:08:54]} {[%emt 00:00:07]} Kb5
{[%clk 00:05:53]} {[%emt 00:00:09]} 59. Rb1+ {[%clk 00:09:22]} {[%emt
00:00:04]} 1/2-1/2

[Event "XLIV Memoriał Szachowy Ludwika Zamenhofa 2025, Grupa B"]
[Site "Bialystok, Poland"]
[Date "2025.12.28"]
[Round "3.7"]
[White "Kozlowski, Pawel"]
[Black "Olejko, Wojciech"]
[Result "1-0"]
[TimeControl "90'+30\""]
[WhiteElo "2036"]
[BlackElo "1853"]

1. e4 {[%clk 01:24:51]} {[%emt 00:05:58]} e6 {[%clk 01:30:56]} {[%emt
00:00:14]} 2. d4 {[%clk 01:25:17]} {[%emt 00:00:04]} d5 {[%clk 01:31:18]}
{[%emt 00:00:08]} 3. Nc3 {[%clk 01:25:39]} {[%emt 00:00:09]} Nf6 {[%clk
01:31:43]} {[%emt 00:00:05]} 4. e5 {[%clk 01:26:04]} {[%emt 00:00:05]} Nfd7
{[%clk 01:32:08]} {[%emt 00:00:04]} 5. Nce2 {[%clk 01:26:27]} {[%emt 00:00:08]}
c5 {[%clk 01:32:25]} {[%emt 00:00:13]} 6. c3 {[%clk 01:26:44]} {[%emt
00:00:13]} Nc6 {[%clk 01:32:43]} {[%emt 00:00:11]} 7. f4 {[%clk 01:26:59]}
{[%emt 00:00:15]} Rb8 {[%clk 01:32:39]} {[%emt 00:00:35]} 8. Nf3 {[%clk
01:26:37]} {[%emt 00:00:51]} b5 {[%clk 01:32:01]} {[%emt 00:01:08]} 9. a3
{[%clk 01:20:26]} {[%emt 00:06:42]} Be7 {[%clk 01:20:43]} {[%emt 00:11:47]} 10.
g3 {[%clk 01:13:17]} {[%emt 00:07:40]} a5 {[%clk 01:19:37]} {[%emt 00:01:35]}
11. Bh3 {[%clk 01:07:19]} {[%emt 00:06:27]} Nf8 {[%clk 01:14:45]} {[%emt
00:05:22]} 12. O-O {[%clk 01:03:38]} {[%emt 00:04:11]} c4 {[%clk 01:14:20]}
{[%emt 00:00:56]} 13. Qc2 {[%clk 00:40:55]} {[%emt 00:23:13]} g6 {[%clk
01:14:01]} {[%emt 00:00:49]} 14. Be3 {[%clk 00:39:48]} {[%emt 00:01:37]} b4
{[%clk 01:02:06]} {[%emt 00:12:24]} 15. axb4 {[%clk 00:39:22]} {[%emt
00:00:57]} axb4 {[%clk 01:00:00]} {[%emt 00:02:36]} 16. Bg2 {[%clk 00:34:11]}
{[%emt 00:05:41]} Bd7 {[%clk 00:56:17]} {[%emt 00:04:12]} 17. g4 {[%clk
00:31:09]} {[%emt 00:03:34]} h5 {[%clk 00:55:11]} {[%emt 00:01:34]} 18. h3
{[%clk 00:30:35]} {[%emt 00:01:04]} b3 {[%clk 00:49:19]} {[%emt 00:06:24]} 19.
Qb1 {[%clk 00:28:58]} {[%emt 00:02:06]} Bc8 {[%clk 00:49:05]} {[%emt 00:00:44]}
20. Nd2 {[%clk 00:25:17]} {[%emt 00:04:11]} hxg4 {[%clk 00:47:10]} {[%emt
00:02:25]} 21. hxg4 {[%clk 00:25:45]} {[%emt 00:00:02]} Rh4 {[%clk 00:41:33]}
{[%emt 00:06:06]} 22. Bf3 {[%clk 00:24:51]} {[%emt 00:01:25]} Rh8 {[%clk
00:41:16]} {[%emt 00:00:47]} 23. Nxc4 {[%clk 00:24:03]} {[%emt 00:01:18]} Nxd4
{[%clk 00:34:40]} {[%emt 00:07:07]} 24. Nxd4 {[%clk 00:23:34]} {[%emt
00:00:59]} dxc4 {[%clk 00:33:53]} {[%emt 00:01:16]} 25. Nc6 {[%clk 00:23:50]}
{[%emt 00:00:13]} Qc7 {[%clk 00:34:19]} {[%emt 00:00:05]} 26. Nxb8 {[%clk
00:23:53]} {[%emt 00:00:28]} Qxb8 {[%clk 00:34:24]} {[%emt 00:00:24]} 27. Ra8
{[%clk 00:23:41]} {[%emt 00:00:42]} Qc7 {[%clk 00:34:52]} {[%emt 00:00:03]} 28.
Qe4 {[%clk 00:22:52]} {[%emt 00:01:18]} Nd7 {[%clk 00:35:08]} {[%emt 00:00:13]}
29. Qb7 {[%clk 00:22:45]} {[%emt 00:00:38]} 1-0

[Event "XLIV Memoriał Szachowy Ludwika Zamenhofa 2025, Grupa B"]
[Site "Bialystok, Poland"]
[Date "2025.12.28"]
[Round "3.8"]
[White "Rabiej, Mateusz"]
[Black "Fukowski, Pawel"]
[Result "0-1"]
[TimeControl "90'+30\""]
[WhiteElo "1722"]
[BlackElo "1997"]

1. e4 {[%clk 01:30:34]} {[%emt 00:00:10]} e6 {[%clk 01:30:46]} {[%emt
00:00:15]} 2. d4 {[%clk 01:30:59]} {[%emt 00:00:06]} d5 {[%clk 01:31:08]}
{[%emt 00:00:08]} 3. Nc3 {[%clk 01:31:24]} {[%emt 00:00:04]} Nf6 {[%clk
01:31:04]} {[%emt 00:00:34]} 4. e5 {[%clk 01:29:13]} {[%emt 00:02:40]} Nfd7
{[%clk 01:31:29]} {[%emt 00:00:06]} 5. Nf3 {[%clk 01:28:05]} {[%emt 00:01:38]}
c5 {[%clk 01:31:05]} {[%emt 00:00:55]} 6. Bf4 {[%clk 01:26:42]} {[%emt
00:01:52]} a6 {[%clk 01:30:12]} {[%emt 00:01:24]} 7. Ne2 {[%clk 01:23:41]}
{[%emt 00:03:30]} Nc6 {[%clk 01:24:50]} {[%emt 00:05:53]} 8. c3 {[%clk
01:23:22]} {[%emt 00:00:49]} b5 {[%clk 01:23:17]} {[%emt 00:02:02]} 9. Ng3
{[%clk 01:15:54]} {[%emt 00:07:58]} b4 {[%clk 01:15:13]} {[%emt 00:08:35]} 10.
Bd3 {[%clk 01:14:47]} {[%emt 00:01:36]} Qa5 {[%clk 01:10:21]} {[%emt 00:05:23]}
11. Qd2 {[%clk 01:10:20]} {[%emt 00:04:56]} bxc3 {[%clk 01:08:05]} {[%emt
00:02:47]} 12. Qxc3 {[%clk 01:09:25]} {[%emt 00:01:24]} c4 {[%clk 01:05:50]}
{[%emt 00:02:46]} 13. Qxa5 {[%clk 01:09:32]} {[%emt 00:00:24]} Nxa5 {[%clk
01:06:12]} {[%emt 00:00:07]} 14. Bc2 {[%clk 01:08:27]} {[%emt 00:01:33]} Bb4+
{[%clk 01:03:33]} {[%emt 00:03:10]} 15. Ke2 {[%clk 01:07:48]} {[%emt 00:01:09]}
Rb8 {[%clk 01:02:55]} {[%emt 00:01:09]} 16. Rab1 {[%clk 01:05:13]} {[%emt
00:03:04]} Nb6 {[%clk 00:58:16]} {[%emt 00:05:10]} 17. Nh5 {[%clk 01:00:36]}
{[%emt 00:05:07]} Bf8 {[%clk 00:52:00]} {[%emt 00:06:46]} 18. Bd2 {[%clk
00:57:39]} {[%emt 00:03:26]} Nc6 {[%clk 00:51:28]} {[%emt 00:01:03]} 19. a3
{[%clk 00:57:17]} {[%emt 00:00:52]} a5 {[%clk 00:50:56]} {[%emt 00:01:02]} 20.
g4 {[%clk 00:55:51]} {[%emt 00:01:55]} Ba6 {[%clk 00:50:40]} {[%emt 00:00:46]}
21. Bc3 {[%clk 00:55:04]} {[%emt 00:01:17]} Bb5 {[%clk 00:49:57]} {[%emt
00:01:15]} 22. Ke3 {[%clk 00:52:25]} {[%emt 00:03:08]} Ba4 {[%clk 00:50:04]}
{[%emt 00:00:23]} 23. Bxa4 {[%clk 00:49:18]} {[%emt 00:03:37]} Nxa4 {[%clk
00:50:15]} {[%emt 00:00:19]} 24. Nd2 {[%clk 00:49:37]} {[%emt 00:00:11]} Rg8
{[%clk 00:47:55]} {[%emt 00:02:50]} 25. f4 {[%clk 00:41:37]} {[%emt 00:08:29]}
Be7 {[%clk 00:41:42]} {[%emt 00:06:43]} 26. f5 {[%clk 00:38:49]} {[%emt
00:03:18]} Bg5+ {[%clk 00:41:07]} {[%emt 00:01:06]} 27. Nf4 {[%clk 00:37:31]}
{[%emt 00:01:47]} Kd7 {[%clk 00:37:57]} {[%emt 00:03:41]} 28. h4 {[%clk
00:37:12]} {[%emt 00:00:48]} Be7 {[%clk 00:34:18]} {[%emt 00:04:09]} 29. g5
{[%clk 00:35:45]} {[%emt 00:01:57]} Bxa3 {[%clk 00:30:34]} {[%emt 00:04:14]} 30.
bxa3 {[%clk 00:35:03]} {[%emt 00:01:13]} Nxc3 {[%clk 00:30:46]} {[%emt
00:00:18]} 31. Rbf1 {[%clk 00:34:56]} {[%emt 00:00:38]} Ne7 {[%clk 00:29:40]}
{[%emt 00:01:35]} 32. f6 {[%clk 00:32:51]} {[%emt 00:02:35]} Nf5+ {[%clk
00:29:41]} {[%emt 00:00:28]} 33. Kf2 {[%clk 00:33:02]} {[%emt 00:00:19]} Rb2
{[%clk 00:29:50]} {[%emt 00:00:21]} 34. Ke1 {[%clk 00:33:21]} {[%emt 00:00:11]}
Ng3 {[%clk 00:28:01]} {[%emt 00:02:20]} 35. Rf3 {[%clk 00:33:23]} {[%emt
00:00:28]} Nce4 {[%clk 00:25:24]} {[%emt 00:03:06]} 36. Rh2 {[%clk 00:31:10]}
{[%emt 00:02:43]} g6 {[%clk 00:24:15]} {[%emt 00:01:40]} 37. Nxe4 {[%clk
00:30:26]} {[%emt 00:01:13]} Rb1+ {[%clk 00:24:34]} {[%emt 00:00:11]} 38. Kd2
{[%clk 00:30:47]} {[%emt 00:00:09]} Nxe4+ {[%clk 00:24:55]} {[%emt 00:00:10]}
39. Kc2 {[%clk 00:30:59]} {[%emt 00:00:18]} Rgb8 {[%clk 00:25:05]} {[%emt
00:00:20]} 0-1